ბათუმის შოთა რუსთაველის სახელმწიფო უნივერსიტეტის ბიბლიოთეკა

იოკონიმია როგორც ტოპონიმიკის სახეობა და მისი სტრუკტურულ - სემანტიკური თავისებურებანი ფრანგულ და ქართულ ენებში / (ბიბ.ჩანაწერი № 51997)

000 -ლიდერი
ფიქსირებული სიგრძის საკონტროლო ველი 01610nam a2200241Ia 4500
001 - საკონტროლო ნომერი
საკონტროლო ველი 19001
003 - საკონტროლო ნომრის იდენტიფიკატორი
საკონტროლო ველი GE_BSU
005 - ბოლო ოპერაციის თარიღი და დრო
საკონტროლო ველი 20210423180442.0
008 - ფიქსირებული სიგრძის მონაცემთა ელემენტები - ზოგადი ინფორმაცია
ფიქსირებული სიგრძის საკონტროლო ველი 181216s2013||||ge |||||||||||||| ||geo||
040 ## - კატალოგიზაციის წყარო
Transcribing agency GE_BSU
041 ## - ენის კოდი
Language code of text/sound track or separate title geo
080 ## - უნივერსალური ათობითი კლასიფიკაციის ინდექსი
Universal Decimal Classification number 82 გ-96
100 ## - მთავარი ჩანაწერი - პიროვნების სახელი
Personal name გურგენიძე, ნინო
9 (RLIN) 11594
245 ## - ცნობა სათაურის შესახებ
Title იოკონიმია როგორც ტოპონიმიკის სახეობა და მისი სტრუკტურულ - სემანტიკური თავისებურებანი ფრანგულ და ქართულ ენებში /
Statement of responsibility, etc ნინო გურგენიძე; სამეცნიერო ხელმძღვანელი ქ. ჯაში; ბათუმის შოთა რუსთაველის სახ-ფო უნ-ტი.
264 ## - წარმოების, გამოცემის, დისტრიბუციის და სხვა ცნობები
გამოცემის, წარმოების, დისტრიბუციის... ადგილი ბათუმი,
გამოცემის, წარმოების, დისტრიბუციის... თარიღი 2013.
300 ## - ფიზიკური აღწერა
Extent 174 გვ. ;
Other physical details 30 სმ.
653 ## - INDEX TERM--UNCONTROLLED
Uncontrolled term დისერტაცია
653 ## - INDEX TERM--UNCONTROLLED
Uncontrolled term იოკონიმია როგორც ტოპონიმიკის სახეობა და მისი სტრუკტურულ-სემანტიკური თავისებურებანი ფრანგულ და ქართულ ენებში.
653 ## - INDEX TERM--UNCONTROLLED
Uncontrolled term ლიტმცოდნეობა
700 ## - ADDED ENTRY--PERSONAL NAME
Personal name ჯაში, ქ.
Relator term სამეცნიერო ხელმძღვანელი
9 (RLIN) 11595
710 ## - ADDED ENTRY--CORPORATE NAME
Corporate name or jurisdiction name as entry element ბათუმის შოთა რუსთაველის სახ-ფო უნ-ტი
9 (RLIN) 11596
942 ## - ADDED ENTRY ELEMENTS (KOHA)
Koha item type წიგნი
Source of classification or shelving scheme
ეგზემპლარები
ჩამოწერის სტატუსი დაკარგული ეგზემპლარის სტატუსი კლასიფიკაციის წყარო ან თაროზე გაწყობის სქემა დაზიანების სტატუსი არ გაიცემა მუდმივი მდებარეობა (დაცვის ადგილი) ამჟამინდელი ადგილსამყოფელი შეძენის თარიღი სრული შენახვის შიფრი შტრიხკოდი ბოლო ოპერაციის თარიღი ეგზემპლარის მიმდევრობითი ნომერი (კეტერი?) ფასის ძალაში შესვლის თარიღი ეგზემპლარის სახეობა
        შიდა ფონდი ბათუმის შოთა რუსთაველის სახელმწიფო უნივერსიტეტის მთავარი ბიბლიოთეკა ბათუმის შოთა რუსთაველის სახელმწიფო უნივერსიტეტის მთავარი ბიბლიოთეკა 2018-12-17 82 გ-96 138 დისერტ. 2018-12-17 138 2018-12-17 დისერტაცია